|
|
|
|
| LEADER |
02558nam a22005295i 4500 |
| 001 |
978-3-319-40880-4 |
| 003 |
DE-He213 |
| 005 |
20160829094100.0 |
| 007 |
cr nn 008mamaa |
| 008 |
160829s2016 gw | s |||| 0|eng d |
| 020 |
|
|
|a 9783319408804
|9 978-3-319-40880-4
|
| 024 |
7 |
|
|a 10.1007/978-3-319-40880-4
|2 doi
|
| 040 |
|
|
|d GrThAP
|
| 050 |
|
4 |
|a QH541.15.B56
|
| 072 |
|
7 |
|a RNCB
|2 bicssc
|
| 072 |
|
7 |
|a SCI020000
|2 bisacsh
|
| 082 |
0 |
4 |
|a 577
|2 23
|
| 100 |
1 |
|
|a Jeelani, Mubashir.
|e author.
|
| 245 |
1 |
0 |
|a Lake Ecology in Kashmir, India
|h [electronic resource] :
|b Impact of Environmental Features on the Biodiversity of Urban Lakes /
|c by Mubashir Jeelani.
|
| 264 |
|
1 |
|a Cham :
|b Springer International Publishing :
|b Imprint: Springer,
|c 2016.
|
| 300 |
|
|
|a IX, 321 p. 84 illus., 69 illus. in color.
|b online resource.
|
| 336 |
|
|
|a text
|b txt
|2 rdacontent
|
| 337 |
|
|
|a computer
|b c
|2 rdamedia
|
| 338 |
|
|
|a online resource
|b cr
|2 rdacarrier
|
| 347 |
|
|
|a text file
|b PDF
|2 rda
|
| 505 |
0 |
|
|a Introduction -- Review of Literature -- Material and Methods -- Results and Discussion -- Summary -- References -- Photo Plates.
|
| 520 |
|
|
|a This book highlights the anthropogenic pressures on the fresh water bodies and in particular, the Dal and Anchar Lake. As a result of climate change and global warming there is a likelihood that the glaciers which feed these water bodies may be lost. The lakes discussed in this volume can prove a vital source of information on water and biodiversity as well as the environmental features. The detailed examination of phytoplankton and zooplankton in this volume will prove a key factor for future studies in the field of biology and ecology. An in-depth analysis on the physical-chemical properties of the lakes' water is also presented.
|
| 650 |
|
0 |
|a Life sciences.
|
| 650 |
|
0 |
|a Water quality.
|
| 650 |
|
0 |
|a Water pollution.
|
| 650 |
|
0 |
|a Biodiversity.
|
| 650 |
|
0 |
|a Aquatic ecology.
|
| 650 |
|
0 |
|a Conservation biology.
|
| 650 |
|
0 |
|a Ecology.
|
| 650 |
|
0 |
|a Environmental management.
|
| 650 |
1 |
4 |
|a Life Sciences.
|
| 650 |
2 |
4 |
|a Biodiversity.
|
| 650 |
2 |
4 |
|a Freshwater & Marine Ecology.
|
| 650 |
2 |
4 |
|a Water Quality/Water Pollution.
|
| 650 |
2 |
4 |
|a Conservation Biology/Ecology.
|
| 650 |
2 |
4 |
|a Environmental Management.
|
| 710 |
2 |
|
|a SpringerLink (Online service)
|
| 773 |
0 |
|
|t Springer eBooks
|
| 776 |
0 |
8 |
|i Printed edition:
|z 9783319408798
|
| 856 |
4 |
0 |
|u http://dx.doi.org/10.1007/978-3-319-40880-4
|z Full Text via HEAL-Link
|
| 912 |
|
|
|a ZDB-2-SBL
|
| 950 |
|
|
|a Biomedical and Life Sciences (Springer-11642)
|